| 000 | 00421nam a22001457a 4500 | ||
|---|---|---|---|
| 005 | 20240311102826.0 | ||
| 008 | 240311b ||||| |||| 00| 0 eng d | ||
| 040 | _cAL | ||
| 041 | _aEnglish | ||
| 082 |
_223 _a658.834 _bMARK |
||
| 100 |
_a- _9153652 |
||
| 245 | _aMarket study of consumer attitude and perception towards mobile telephones with reference to JT Mobiles | ||
| 650 |
_a1999-2000 _9153653 |
||
| 942 |
_2ddc _cPRO |
||
| 999 |
_c230195 _d230195 |
||